Anstey's boundary disputes and how to resolve them! (Record no. 109310)

MARC details
000 -LEADER
fixed length control field 01953cam a22003015a 4500
001 - CONTROL NUMBER
control field L146829
008 - FIXED-LENGTH DATA ELEMENTS--GENERAL INFORMATION
fixed length control field 090303s2009 xxk f 000 0 eng d
020 ## - INTERNATIONAL STANDARD BOOK NUMBER
International Standard Book Number 9781842194546
035 ## - SYSTEM CONTROL NUMBER
System control number (Sirsi) u146829
041 0# - LANGUAGE CODE
Language code of text/sound track or separate title eng
050 04 - LIBRARY OF CONGRESS CALL NUMBER
Classification number 346.410432 $2 18
100 1# - MAIN ENTRY--PERSONAL NAME
Personal name Anstey, John
245 00 - TITLE STATEMENT
Title Anstey's boundary disputes and how to resolve them!
Remainder of title updated by David Powell
250 ## - EDITION STATEMENT
Edition statement 4th ed.
260 ## - PUBLICATION, DISTRIBUTION, ETC.
Place of publication, distribution, etc. Coventry
Name of publisher, distributor, etc. RICS Books
Date of publication, distribution, etc. 2009
300 ## - PHYSICAL DESCRIPTION
Extent xii, 150p.
Other physical details ill.
Dimensions 21cm.
350 ## - PRICE (NR) (BK AM CF MU VM SE) [OBSOLETE]
Price 27.95
505 2# - FORMATTED CONTENTS NOTE
Formatted contents note Deed plans and Land Registry title plans -- Words or pictures? -- Applying paper-title to the land in question -- General and determined boundaries -- Housing estates and developers' layout plans -- Adverse possession -- Aerial and terrestrial photographs -- How large is too little? -- Party walls and 'party' walls -- The boundary between attached houses -- The 'L'-shaped house -- Streets -- Overhanging and underpinning -- Horizontal boundaries -- Finding the position of the dividing wall -- Garden walls, fences and bits of string -- Hedges (sometimes with ditches) -- What's under the ground? -- The empty garden -- Mediation -- Adjudication -- The task of the expert witness -- Clients in court -- Mistakes and pitfalls to watch for -- Summing up -- The way forward
520 ## - SUMMARY, ETC.
Summary, etc. Aimed at both surveyors and property owners, this straightforward guide explains how to discover where boundaries are and what to do about disputes concerning them. The fourth edition has been updated and includes new sections on adjudication and mediation. Addresses a number of difficult boundary disputes and provides useful tips on how to resolve them.
520 ## - SUMMARY, ETC.
Summary, etc. Supersedes third edition (ISBN 1842191896).
521 ## - TARGET AUDIENCE NOTE
Target audience note Introductory
590 ## - LOCAL NOTE (RLIN)
Local note KA
651 #4 - SUBJECT ADDED ENTRY--GEOGRAPHIC NAME
Geographic name England and Wales
Chronological subdivision 1543-
690 ## - LOCAL SUBJECT ADDED ENTRY--TOPICAL TERM (OCLC, RLIN)
Topical term or geographic name as entry element PROPERTY-PROPERTY MANAGEMENT-BOUNDARY DETERMINATION-BOUNDARIES
700 1# - ADDED ENTRY--PERSONAL NAME
Personal name Powell, David
942 ## - ADDED ENTRY ELEMENTS (KOHA)
Suppress in OPAC 0
Holdings
Withdrawn status Lost status Source of classification or shelving scheme Damaged status Not for loan Home library Current library Shelving location Date acquired Total Checkouts Full call number Barcode Date last seen Copy number Price effective from Koha item type Date last checked out
    Dewey Decimal Classification     London London RICS Boxes 30/03/2009   RICS 2009/8 30076338 06/08/2019 1 06/08/2019 Archive  
    Dewey Decimal Classification     London London Books 30/03/2009   346.410432 ANS 30076339 06/08/2019 1 06/08/2019 Reference material  
    Dewey Decimal Classification     London London Books 30/03/2009 6 346.410432 ANS 30077156 06/08/2019 2 06/08/2019 Book 27/10/2009